| 000 | 00662nam a2200145Ia 4500 | ||
|---|---|---|---|
| 008 | 150609s9999 xx 000 0 und d | ||
| 050 |
_aRC 531 _b.A287 2015 |
||
| 100 | _aAburayyan, Iman P. | ||
| 245 | 4 |
_aThe effectiveness of technology-based distraction in reducing the level of anxiety among children visiting the doctor / _cIman P. Aburayyan, Kurt Vernon Beaty, Rex D. Calimlim, Christalle Chanel P. Gaelon, Judelle R. Ludovice. |
|
| 260 |
_aLas PiƱas, Philippines : _bSISC, _c2015. |
||
| 300 |
_a85 pages : _billustrations (some color) ; _c28 cm. |
||
| 500 | _aIncludes bibliographical references and appendices. | ||
| 650 | _aAnxiety | ||
| 650 | _xTreatment | ||
| 999 |
_c285008 _d285008 |
||